اردو نثر میں ادب لطیف / (Record no. 109456)

MARC details
000 -LEADER
fixed length control field 00728nam a22002537a 4500
005 - DATE AND TIME OF LATEST TRANSACTION
control field 20200129114338.0
010 ## - LCCN (DPL NO)
LC control number 994461
020 ## - INTERNATIONAL STANDARD BOOK NUMBER
Terms of availability 20.00
035 ## - SYSTEM CONTROL NUMBER
System control number 994461
037 ## - SOURCE OF ACQUISITION
Source of stock number/acquisition Cen Lib/Ret
082 ## - DEWEY DECIMAL CLASSIFICATION NUMBER
Classification number 840
100 ## - MAIN ENTRY--PERSONAL NAME
Personal name عبدالودود
245 ## - TITLE STATEMENT
Title اردو نثر میں ادب لطیف /
Statement of responsibility, etc عبدالودود
246 ## - VARYING FORM OF TITLE
Title proper/short title Urdu nasar main adab-e- lateef /
Remainder of title by Abdulwadood
260 ## - PUBLICATION, DISTRIBUTION, ETC. (IMPRINT)
Place of publication, distribution, etc لکھنوو
Name of publisher, distributor, etc نسیم بک ڈپو
Date of publication, distribution, etc 1980 ء
270 ## - ADDRESS
Address لادوش روڈ
City لکھنوو
300 ## - PHYSICAL DESCRIPTION
Extent 472p.
Dimensions 17cm(Hb)
500 ## - GENERAL NOTE
General note
650 ## - SUBJECT ADDED ENTRY--TOPICAL TERM
Topical term or geographic name as entry element اردو ادب
650 ## - SUBJECT ADDED ENTRY--TOPICAL TERM
Topical term or geographic name as entry element اردو نثر
650 ## - SUBJECT ADDED ENTRY--TOPICAL TERM
Topical term or geographic name as entry element Urdu literature
650 ## - SUBJECT ADDED ENTRY--TOPICAL TERM
Topical term or geographic name as entry element Urdu poetry
942 ## - ADDED ENTRY ELEMENTS (KOHA)
Source of classification or shelving scheme Dewey Decimal Classification
Item type Urdu Bks
Classification part 840
Call number suffix ع ب د
Holdings
Withdrawn status Lost status Not for loan Home library Current library Date acquired Source of acquisition Cost, normal purchase price Full call number Barcode Copy number Cost, replacement price Koha item type
      Central Library Central Library 12/03/2016 Cen Lib/Ref 20.00 840 ع ب د 994461 1 20.00 Urdu Bks

© Delhi Public Library
Hit Counter
free hit counter